Statistics for True or False?

Click here to take the quiz!

General Stats

  • This quiz has been taken 399 times
  • The average score is 9 of 15

Answer Stats

HintAnswer% Correct
You share your birthday with 9 million other people in the worldTrue
98%
Mount Everest is the tallest mountain in the worldFalse
91%
Body heat dissipates mainly through the headFalse
86%
The Great Wall of China is the only man-made object that can be seen from spaceFalse
86%
In England, the speaker of the house in not allowed to speakTrue
79%
An ostrich's eye is bigger than it's brainTrue
73%
Glass is a slow moving liquidFalse
68%
USA sell more frisbee discs each year than baseballs, basketballs and footballs combinedTrue
61%
A chameleons tongue is twice the length of its bodyTrue
56%
Mother Birds will abandon babys if it has had human contactFalse
47%
Different parts of your tongue detects different tastesFalse
42%
Deoxygenated blood is blueFalse
37%
The human feet perspire half a pint of fluid a dayTrue
33%
Chameleons change colour to blend in with their surroundingsFalse
30%
A rat can last longer without water than a camelTrue
29%

Score Distribution

Percentile by Number Answered

Percent of People with Each Score

Your Score History

You have not taken this quiz